Advanced accounts (Record no. 3791)

000 -LEADER
fixed length control field 00583nam a22002291 4500
001 - CONTROL NUMBER
control field 3791
003 - CONTROL NUMBER IDENTIFIER
control field BD-DhUET
008 - FIXED-LENGTH DATA ELEMENTS--GENERAL INFORMATION
fixed length control field 740123s1966 ii k 000 0 eng
020 ## - INTERNATIONAL STANDARD BOOK NUMBER
International Standard Book Number 8121902789
040 ## - CATALOGING SOURCE
Original cataloging agency DLC
Transcribing agency DLC
Modifying agency BD-DhUET
082 00 - DEWEY DECIMAL CLASSIFICATION NUMBER
Classification number 657
Item number SHU/1999
100 1# - MAIN ENTRY--PERSONAL NAME
Personal name Shukla, M. C.
245 10 - TITLE STATEMENT
Title Advanced accounts
Statement of responsibility, etc. by M. C. Shukla and T. S. Grewal
250 ## - EDITION STATEMENT
Edition statement 14th ed.
260 ## - PUBLICATION, DISTRIBUTION, ETC. (IMPRINT)
Place of publication, distribution, etc. New Delhi
Name of publisher, distributor, etc. S, chand
Date of publication, distribution, etc. 1999
300 ## - PHYSICAL DESCRIPTION
Extent v.p.
Other physical details ill.
Dimensions 25 cm.
504 ## - BIBLIOGRAPHY, ETC. NOTE
Bibliography, etc Includes bibliographies
650 #0 - SUBJECT ADDED ENTRY--TOPICAL TERM
Topical term or geographic name as entry element Accounting
700 ## - ADDED ENTRY--PERSONAL NAME
Personal name Grewal, T. S.
700 ## - ADDED ENTRY--PERSONAL NAME
Personal name Gupta, S. C.
942 ## - ADDED ENTRY ELEMENTS (KOHA)
Koha item type General Book
Holdings
Koha normalized classification for sorting Withdrawn status Date acquired Piece designation (barcode) Price effective from Koha full call number Lost status Copy number Not for loan Location (home branch) Koha item type Sublocation or collection (holding branch) Shelving location Source of classification or shelving scheme Koha date last seen Damaged status
657SHU1999 2014-11-05936562014-11-05657/SHU/1999 1 Central Library, BUETGeneral BookCentral Library, BUETCirculation section 2014-11-05 
657SHU1999 2014-11-05936572014-11-05657/SHU/1999 2 Central Library, BUETGeneral BookCentral Library, BUETCirculation section 2014-11-05 
657SHU1999 2014-11-05936582014-11-05657/SHU/1999 3 Central Library, BUETGeneral BookCentral Library, BUETCirculation section 2014-11-05 
657SHU1999 2014-11-05936592014-11-05657/SHU/1999 4 Central Library, BUETGeneral BookCentral Library, BUETCirculation section 2014-11-05 
657SHU1999 2014-11-05936602014-11-05657/SHU/1999 5 Central Library, BUETGeneral BookCentral Library, BUETCirculation section 2014-11-05 
657_000000000000000_SHU_1999 2014-11-05936612014-11-05657/SHU/1999 6 Central Library, BUETGeneral BookCentral Library, BUETCirculation section 2014-11-05 
657SHU1999 2014-11-05936622014-11-05657/SHU/1999 7 Central Library, BUETGeneral BookCentral Library, BUETCirculation section 2014-11-05 
657_000000000000000_SHU_1999 2014-11-05936552014-11-05657/SHU/1999 8 Central Library, BUETGeneral BookCentral Library, BUETCirculation section 2014-11-05 
657_000000000000000_SHU_1999 2015-06-20936542015-06-20657/SHU/1999 9 Central Library, BUETReading ItemCentral Library, BUETReading section 2015-06-20 
657_000000000000000_SHU_1999 2015-06-20936532015-06-20657/SHU/1999 10 Central Library, BUETReading ItemCentral Library, BUETReading section 2015-06-20